Medagliere Olimpiadi estive Saint Louis 1904 - Statistics

Statistiche generali
  • Questo quiz è stato fatto 2 volte
  • Il punteggio medio è 7 su 10
Statistiche sulle risposte
Medaglie d'Oro Medaglie d'Argento Medaglie di Bronzo Medaglie complessive Rappresentativa olimpica % Corretto
4 1 1 6 Canada
100%
4 4 5 13 Germania
100%
1 0 1 2 Grecia
100%
1 1 0 2 Gren Bretagna
100%
78 82 79 239 Stati Uniti
100%
2 1 1 4 Ungheria
100%
0 0 1 1 Austria
50%
4 2 3 9 Cuba
0%
1 1 0 2 Squadra mista
0%
1 0 1 2 Svizzera
0%
Nessun quiz corrispondente trovato
Distribuzione punteggi
Percentuale di utenti per punteggio
Percentile per numero di risposta
I tuoi punteggi nel tempo
Non hai fatto questo quiz